000 00605cab a2200205 4500
001 X2919
008 090401t1995 xxu||||| |||| 00| 0 eng d
035 _a(Sirsi) u27224
041 _aeng
245 _aPrizewinners in the RICS professional examinations
260 _c1995
350 _a0
490 _aCSM (Chartered Surveyor Monthly)
_v4(9) July/August 1995, 15(1)
520 _aNames of the prizewinners for 1995 final examinations.
650 _aEXAMINATIONS
650 _aPRIZEWINNERS
690 _aMANAGEMENT-BUSINESS MANAGEMENT-PROFESSIONAL PRACTICE
942 _n0
948 _c04/03/1997
999 _c18326
_d18326